| 000 | 01048cam a2200277 4500 | ||
|---|---|---|---|
| 001 | 4086385 | ||
| 003 | NUST-PNEC | ||
| 005 | 20170116180851.0 | ||
| 008 | 731005s1974 nyua b 001 0 eng | ||
| 010 | _a 73005283 | ||
| 020 | _a0023761202 | ||
| 040 |
_aDLC _cLIBRARY _dDLC |
||
| 050 | 0 | 0 |
_aQD453.2 _b.M37 1974 |
| 082 | 0 | 0 | _a541.3 MAR |
| 100 | 1 |
_aMaron, Samuel H. _q(Samuel Herbert), _d1908- |
|
| 245 | 1 | 0 |
_aFundamentals of physical chemistry _cSamuel H. Maron and Jerome B. Lando. |
| 260 |
_aNew York, _bMacmillan _c[1974] |
||
| 300 |
_avii, 853 p. _billus. _c24 cm. |
||
| 500 | _aOriginal ed., by C. F. Prutton and S. H. Maron, published under title: Fundamental principles of physical chemistry. | ||
| 504 | _aIncludes bibliographical references. | ||
| 650 | 0 |
_aChemistry, Physical and theoretical. _xME |
|
| 700 | 1 |
_aLando, Jerome B., _ejoint author. |
|
| 700 | 1 |
_aPrutton, Carl F. _q(Carl Frederic), _d1898-1970. _tFundamental principles of physical chemistry. |
|
| 906 |
_a7 _bcbc _corignew _d1 _eocip _f19 _gy-gencatlg |
||
| 942 |
_2ddc _cBK |
||
| 999 |
_c64604 _d64604 |
||